000 00802nam a22002297a 4500
999 _c63753
_d63753
005 20240530110657.0
008 171223s2016 ua g 000 0 ara d
017 _a2016/1689
_bمصر. دار الكتب
020 _a9789771453826
040 _aEG-CaGPL
_cEG-CaGPL
082 0 4 _221
_a070.44\
_bم ك
100 0 _aمحمد الباز
245 1 0 _aكهنة المعبد :
_bمن اسرار الصحافة والسياسة /
_cمحمد الباز .
250 _aط.1
260 _aالقاهرة :
_bدار نهضة مصر للنشر ،
_c2016 .
300 _a310 ص. ؛
_c20 سم.
610 0 _aعبدالفتاح السيسى
650 0 7 _2qrmak
_aالصحافة
650 0 7 _2qrmak
_aالتحليل السياسى
942 _2ddc
_cBK